000 00506nam a2200121Ia 4500
008 220615s9999||||xx |||||||||||||| ||und||
100 _aWinstanley-Chesters, Robert
245 0 _aFish, Fishing and Community in North Korea and Neighbours
_bVibrant Matter(s)
546 _aEnglish[eng]
650 _aGeography||Historical geography||Environmental geography||Korea—History||Economic policy||World politics
856 _uhttps://library.oapen.org/bitstream/20.500.12657/23171/1/1006982.pdf
942 _cEB
999 _c14170
_d14170